000 00979cam a2200133 4500500
005 20260329023208.0
041 _afre
042 _adc
100 1 0 _aSicard, Pierre
_eauthor
245 0 0 _aLes partis et la vie politique aux États-Unis
260 _bArmand Colin,
_c2012.
520 _aUne introduction à la vie politique américaine et aux systèmes des partis. Après avoir tracé les grandes lignes historiques, l’auteur montre que les partis américains ne sont jamais que des combinaisons toujours bien imparfaites entre plusieurs individus qui aspirent aux postes électoraux. L'auteur souligne le poids de la société civile et propose de l’étudier comme une source de renouvellement, et non un obstacle, pour la vie démocratique. Il effectue un zoom sur le cas Obama et la rupture introduite par la campagne de 2008.
856 4 1 _uhttps://shs.cairn.info/les-partis-et-la-vie-politique-aux-etats-unis--9782200279141?lang=fr&redirect-ssocas=7080
999 _c1925397
_d1925397